| 000 | 00651nam a2200217 a 4500 | ||
|---|---|---|---|
| 003 | MX-MxUPN | ||
| 005 | 20240806063810.0 | ||
| 008 | 010802s1908 mx a fr 000 0 spa d | ||
| 035 | _aUPN01000110479 | ||
| 040 |
_aMX-MxUPN _bspa _cMX-MxUPN |
||
| 041 | 0 | _aspa | |
| 050 | 4 |
_aPZ73 _bS6.2 1908 |
|
| 100 | 1 |
_aSpillmann, Joseph, _d1842-1905 _952814 |
|
| 245 | 1 | 4 |
_aLos buscadores de oro : _brelación de las misiones de Alaska |
| 250 | _aSegunda edición. | ||
| 260 |
_aFriburgo de Brisgovia, Alemania, _bB. Herder, _c1908. |
||
| 300 |
_a114 páginas : _bilustraciones |
||
| 650 | 1 | 4 |
_aLiteratura juvenil _95153 |
| 902 | _aMMA/cav | ||
| 942 |
_2lcc _cLIBRO |
||
| 999 |
_c84388 _d84388 |
||